Параметрическая модель выкройки - основы швейного изделия; Современные техника и технологии - СТТ' 2002; Т. 2

Библиографические подробности
Источник:Современные техника и технологии - СТТ' 2002: труды VIII международной научно-практической конференции студентов, аспирантов и молодых ученых, Томск, 8-12 апреля 2002 г./ Томский политехнический университет.— , 2002-
Т. 2.— 2002.— С. 168-170
Главный автор: Кочегурова Е. А. Елена Алексеевна
Другие авторы: Грачёва И. Г.
Язык:русский
Опубликовано: 2002
Предметы:
Формат: MixedMaterials Статья
Запись в KOHA:https://koha.lib.tpu.ru/cgi-bin/koha/opac-detail.pl?biblionumber=77564

MARC

LEADER 00000naa2a2200000 4500
001 77564
005 20251202131600.0
035 |a (RuTPU)RU\TPU\book\83165 
090 |a 77564 
100 |a 20050524d2002 k y0rusy50 ca 
101 0 |a rus 
102 |a RU 
200 1 |a Параметрическая модель выкройки - основы швейного изделия  |f Е. А. Кочегурова, И. Г. Грачёва 
320 |a Библиогр.: 4 назв. 
461 1 |0 (RuTPU)RU\TPU\book\45612  |t Современные техника и технологии - СТТ' 2002  |o труды VIII международной научно-практической конференции студентов, аспирантов и молодых ученых, Томск, 8-12 апреля 2002 г.  |f Томский политехнический университет  |d 2002- 
463 1 |0 (RuTPU)RU\TPU\book\44698  |t Т. 2  |f отв. ред. А. С. Заворин  |v С. 168-170  |d 2002 
610 1 |a модели 
610 1 |a параметрические модели 
610 1 |a выкройки-основы 
610 1 |a швейное производство 
610 1 |a чертежи 
610 1 |a труды учёных ТПУ 
700 1 |a Кочегурова  |b Е. А.  |c специалист в области информатики и вычислительной техники  |c доцент Томского политехнического университета, кандидат технических наук  |f 1958-  |g Елена Алексеевна  |3 (RuTPU)RU\TPU\pers\27090  |9 12640 
701 1 |a Грачёва  |b И. Г. 
801 1 |a RU  |b 63413507  |c 20050524  |g PSBO 
801 2 |a RU  |b 63413507  |c 20140531  |g PSBO 
942 |c BK